The complete Jefferson, containing his major writings, published and unpublished, except his letters
में बचाया:
| मुख्य लेखक: | |
|---|---|
| स्वरूप: | पुस्तक |
| भाषा: | Undetermined |
| प्रकाशित: |
New York
Distributed by Duell, Sloan & Pearce, Inc.
1943
|
| विषय: | |
| टैग : |
टैग जोड़ें
कोई टैग नहीं, इस रिकॉर्ड को टैग करने वाले पहले व्यक्ति बनें!
|
| Thư viện lưu trữ: | Trung tâm Học liệu Trường Đại học Cần Thơ |
|---|
| LEADER | 00629nam a2200205Ia 4500 | ||
|---|---|---|---|
| 001 | CTU_77617 | ||
| 008 | 210402s9999 xx 000 0 und d | ||
| 082 | |a 973.4 | ||
| 082 | |b P124 | ||
| 100 | |a Padover, Saul Kussiel | ||
| 245 | 4 | |a The complete Jefferson, containing his major writings, published and unpublished, except his letters | |
| 245 | 0 | |c Saul Kussiel Padover | |
| 260 | |a New York | ||
| 260 | |b Distributed by Duell, Sloan & Pearce, Inc. | ||
| 260 | |c 1943 | ||
| 650 | |a Presidents | ||
| 650 | |x Biography | ||
| 650 | |z United States | ||
| 904 | |i Năm | ||
| 980 | |a Trung tâm Học liệu Trường Đại học Cần Thơ | ||